[Event "AUT-chT2M 1819"]
[Site "Austria"]
[Date "2019.01.20"]
[Round "8.6"]
[White "Grabner, Hermann"]
[Black "Putz, Georg"]
[Result "1/2-1/2"]
[WhiteElo "1908"]
[BlackElo "2120"]
[PlyCount "147"]
[EventDate "2018.10.19"]
[EventType "team-tourn"]
[EventRounds "11"]
[EventCountry "AUT"]
[SourceTitle "CBM 189 Extra"]
[Source "ChessBase"]
[SourceDate "2019.06.03"]
[SourceVersion "1"]
[SourceVersionDate "2019.06.03"]
[SourceQuality "1"]
[WhiteTeam "Freistadt/Wartberg"]
[BlackTeam "Die Klagenfurter"]
[WhiteTeamCountry "AUT"]
[BlackTeamCountry "AUT"]

1. e4 e5 2. Nf3 Nf6 3. Nc3 Nc6 4. Be2 Bc5 5. 0-0 d6 6. d3 Bg4 7. Na4 Qe7 8. c3 0-0 9. b4 Bb6 10. Bg5 h6 11. Bh4 g5 12. Bg3 Kg7 13. Qd2 Nh5 14. Nxb6 axb6 15. b5 Nxg3 16. fxg3 Nd8 17. d4 Bxf3 18. Rxf3 exd4 19. Qxd4+ Qe5 20. Qd2 Qxe4 21. Bd3 Qe6 22. Bf5 Qc4 23. Bd3 Qc5+ 24. Kh1 Ra3 25. Rc1 f5 26. Qc2 f4 27. gxf4 gxf4 28. g3 Qd5 29. Be4 Qxa2 30. Qd3 Qb2 31. Qd4+ Kg8 32. Rg1 Ra1 33. Bd5+ Kh7 34. Qe4+ Kg7 35. gxf4+ Rxg1+ 36. Kxg1 Qc1+ 37. Kg2 Qd2+ 38. Kh3 Rf7 39. Bxf7 Nxf7 40. Qf5 Qe2 41. Rg3+ Kf8 42. Qc8+ Ke7 43. Qxc7+ Kf6 44. Qxb7 Qh5+ 45. Kg2 Qe2+ 46. Kh1 Qf1+ 47. Rg1 Qxb5 48. Qe4 Qf5 49. Qd4+ Ke7 50. Qe3+ Kf8 51. Re1 Qd5+ 52. Kg1 b5 53. Kf2 Qa2+ 54. Qe2 Qd5 55. Qe8+ Kg7 56. Rg1+ Kf6 57. Qe3 Qa2+ 58. Kg3 Qc2 59. Qd4+ Ke7 60. Re1+ Kf8 61. Qe3 Qg6+ 62. Kf2 Qc2+ 63. Kg1 Qg6+ 64. Kh1 Qf5 65. Qe8+ Kg7 66. Rg1+ Kf6 67. Re1 Qxf4 68. Qe7+ Kg7 69. Qe4 Qf6 70. Qg4+ Ng5 71. Qd7+ Nf7 72. Rg1+ Kh7 73. Qg4 Ng5 74. Qd7+ 1/2-1/2

[Event "AUT-chT2M 1314"]
[Site "Austria"]
[Date "2014.03.23"]
[Round "8.6"]
[White "Grabner, Hermann"]
[Black "Posch, Siegfried"]
[Result "1/2-1/2"]
[WhiteElo "2016"]
[BlackElo "2074"]
[PlyCount "94"]
[EventDate "2013.10.04"]
[EventType "team-tourn"]
[EventRounds "11"]
[EventCountry "AUT"]
[SourceTitle "EXT 2015"]
[Source "ChessBase"]
[SourceDate "2014.11.20"]
[SourceVersion "1"]
[SourceVersionDate "2014.11.20"]
[SourceQuality "1"]
[WhiteTeam "Freistadt/Wartberg"]
[BlackTeam "Fuerstenfeld"]
[WhiteTeamCountry "AUT"]
[BlackTeamCountry "AUT"]

1. e4 c5 2. d4 cxd4 3. c3 d5 4. exd5 Qxd5 5. Nf3 Nc6 6. cxd4 e5 7. dxe5 Qxd1+ 8. Kxd1 Bc5 9. Be3 Bxe3 10. fxe3 Nge7 11. Bc4 0-0 12. a3 Ng6 13. e6 Bxe6 14. Bxe6 fxe6 15. Nc3 Nce5 16. Ke2 Nxf3 17. gxf3 Nh4 18. f4 Rf7 19. Rhd1 Raf8 20. Rf1 Nf5 21. Ne4 Rc8 22. Rac1 Rfc7 23. Rxc7 Rxc7 24. Rd1 h6 25. Rd2 Rc1 26. Nf2 Kh7 27. Kf3 Re1 28. e4 Re3+ 29. Kg2 Nh4+ 30. Kf1 Ng6 31. f5 exf5 32. exf5 Nh4 33. f6 Rf3 34. Rd7 Rxf6 35. Rxb7 a6 36. a4 Nf5 37. a5 Ne3+ 38. Ke2 Nc4 39. b4 Rd6 40. Ne4 Rd4 41. Nc5 Rd2+ 42. Ke1 Rb2 43. Ne6 Kg6 44. Nxg7 Nxa5 45. Rb6+ Kxg7 46. bxa5 Rxh2 47. Rxa6 Ra2 1/2-1/2

[Event "AUT-ch"]
[Site "Linz"]
[Date "2011.07.31"]
[Round "9"]
[White "Grabner, Hermann"]
[Black "Spiesberger, Gerhard"]
[Result "1/2-1/2"]
[WhiteElo "2025"]
[BlackElo "2166"]
[PlyCount "127"]
[EventDate "2011.07.23"]
[EventType "swiss"]
[EventRounds "9"]
[EventCountry "AUT"]
[SourceTitle "CBM 143 Extra"]
[Source "ChessBase"]
[SourceDate "2011.08.29"]
[SourceVersion "1"]
[SourceVersionDate "2011.08.29"]
[SourceQuality "1"]

1. e4 d5 2. exd5 Qxd5 3. Nc3 Qe5+ 4. Be2 Bg4 5. f3 Bf5 6. d4 Qd6 7. Nb5 Qd8 8. Bf4 Na6 9. a3 c6 10. Nc3 Nc7 11. g4 Bg6 12. Qd2 e6 13. h4 h6 14. 0-0-0 Bd6 15. Bxd6 Qxd6 16. Ne4 Bxe4 17. fxe4 0-0-0 18. Nf3 f6 19. c4 Ne7 20. c5 Qd7 21. Rhg1 Kb8 22. Qb4 Nc8 23. Bc4 Qe7 24. Rd3 Ka8 25. a4 Nb6 26. Rb3 Ncd5 27. Bxd5 exd5 28. cxb6 Qxb4 29. Rxb4 dxe4 30. Nd2 e3 31. Nf3 axb6 32. Re1 Rhe8 33. Rb3 Re4 34. Rbxe3 Rxg4 35. Re7 Rf4 36. R1e3 g5 37. hxg5 hxg5 38. Rg7 g4 39. Nh2 f5 40. Ree7 Rfxd4 41. Rxb7 Rxa4 42. Rbf7 Rh8 43. Kb1 Ra5 44. Nf1 Rd8 45. Ne3 f4 46. Rxf4 Ra7 47. Rfxg4 Rb7 48. Kc2 Rbd7 49. Nc4 Kb7 50. Rxd7+ Rxd7 51. Rg6 Re7 52. Kc3 Rh7 53. Nd6+ Ka6 54. Ne4 Kb7 55. Rf6 Rh3+ 56. Kc4 Rh4 57. Re6 Kc7 58. b4 Kd7 59. Re5 Rh1 60. Rg5 Rc1+ 61. Nc3 Kd6 62. Kb3 Rh1 63. Rg6+ Kc7 64. Ne4 1/2-1/2